000
00336nam a2200145Ia 4500
008
191201s2009 xx 000 0 und d
082
_a
658.87
_b
NAR
100
_a
NAIR,Suja
245
0
_a
Retail Management
250
_a
4th
260
_a
N.Delhi
_b
Himalaya Publication House
_c
2009
300
_a
478
650
_a
MBA
942
_2
ddc
_c
BK
999
_c
4300
_d
4300